| 000 | 00575nam a2200193Ii 4500 | ||
|---|---|---|---|
| 003 | JO-AjNU | ||
| 008 | 230605s9999||||xx |||||||||||||| ||und|| | ||
| 040 |
_aJO-AjNU _bara _erda _cJO-AjNU |
||
| 041 | _aara | ||
| 050 | 1 | 4 | _aPJ7864.U6.A17 2005 |
| 100 | 3 |
_aطوقان،فدوى, _eauthor _933712 |
|
| 245 | 0 | 0 | _aديوان فدوى طوقان |
| 264 | 3 | 1 | _aبيروت: دار العودة، 2005 |
| 300 | _a627ص | ||
| 336 |
_atext _btxt _2rdacontent |
||
| 337 |
_aunmediated _bn _2rdamedia |
||
| 338 |
_avolume _bnc _2rdacarrier |
||
| 650 | 4 |
_aالشعر العربي _933713 |
|
| 999 |
_aA13749 _c17317 _d17317 |
||